000 00344nam a22001577a 4500
003 SGT
020 _a9789391787011
082 _a340.52
_bDIW
100 _aDIWAN ,PARAS
245 _aMODERN HINDU LAW
250 _a25
260 _aFARIDABAD
_bALLAHABAD LAW AGENCY
_c2021
300 _aLVI , 644
653 _aHINDU LAW
942 _2ddc
_cBK
_015
999 _c22448
_d22448